000
00321nam a22001457a 4500
003
SGT
020
_a
978-81-312-4913-0
082
_a
616.24
_b
C18M
100
_a
MAIN, ELEANOR
245
_a
CARDIORSPIRATORY PHYSIOTHERAPY
250
_a
1ST
260
_a
INDIA
_b
ELSEVIER PUB.
_c
2018
300
_a
790
942
_2
ddc
_c
BK
999
_c
16973
_d
16973